Systém riadenia pohybu iónového zväzku vo vzorke v hmotmostnom spektrometri sekundárnych iónov : Diplomová práca

Guardado en:
Detalles Bibliográficos
Autor principal: Gašpar, Peter (Autor)
Otros Autores: Kocanda, Jozef (Orientador)
Formato: Manuscrito Libro
Lenguaje:eslovaco
Publicado: Bratislava : STU v Bratislave FEI, 2000
Materias:
Etiquetas: Agregar Etiqueta
Sin Etiquetas, Sea el primero en etiquetar este registro!

MARC

LEADER 00000ntm a22000003a 4500
001 stu54811
005 20160719164848.2
008 000818s2000----xo------------------slo-d
040 |a STU  |b slo 
041 0 |a slo 
044 |a xo 
100 1 |a Gašpar, Peter  |4 aut 
245 1 |a Systém riadenia pohybu iónového zväzku vo vzorke v hmotmostnom spektrometri sekundárnych iónov :  |b Diplomová práca 
260 |a Bratislava :  |b STU v Bratislave FEI,  |c 2000 
300 |a 54 s 
650 7 |a elektronika  |2 stusub 
700 1 |a Kocanda, Jozef  |4 ths